[Event "World Blitz Championship (Women)"]
[Site "Doha QAT"]
[Date "2016.12.30"]
[EventDate "2016.12.29"]
[Round "15.11"]
[Result "0-1"]
[White "Vlada Sviridova"]
[Black "Antoaneta Stefanova"]
[WhiteElo "2144"]
[BlackElo "2512"]
[PlyCount "98"]

1. d4 d5 2. Nf3 Nf6 3. c4 c6 4. Nc3 a6 5. c5 Bf5 6. Bf4 Nbd7
7. h3 b6 8. cxb6 Qxb6 9. b3 e6 10. Bd2 Ba3 11. e3 Qb7 12. Na4
Ne4 13. Be2 Nxd2 14. Nxd2 c5 15. dxc5 Nxc5 16. Nxc5 Bxc5
17. Rc1 Ba3 18. Rc3 Bb2 19. Rc2 Bxc2 20. Qxc2 Bf6 21. Qc5 Be7
22. Qd4 O-O 23. O-O Bf6 24. Qg4 Rfc8 25. Bd3 Rc3 26. Bb1 Rac8
27. g3 a5 28. h4 Qb4 29. Qe2 Rc1 30. Kg2 g6 31. Bd3 Rxf1
32. Nxf1 Rc1 33. Nd2 Qc3 34. Nf3 Qb2 35. Qxb2 Bxb2 36. Bb5 Ra1
37. Ba4 Rxa2 38. Ne1 Bc3 39. Nd3 Rd2 40. Nc5 Bb4 41. Nd7 Kg7
42. Ne5 f6 43. Nf3 Rb2 44. Nd4 e5 45. Nf3 h5 46. Kf1 Bc3
47. Nh2 d4 48. exd4 Bxd4 49. Kg2 Rxf2+ 0-1

[Event "World Blitz Championship (Women)"]
[Site "Doha QAT"]
[Date "2016.12.30"]
[EventDate "2016.12.29"]
[Round "16.9"]
[Result "0-1"]
[White "Anna Ushenina"]
[Black "Antoaneta Stefanova"]
[WhiteElo "2459"]
[BlackElo "2512"]
[PlyCount "100"]

1. Nf3 g6 2. g3 Bg7 3. Bg2 e5 4. O-O d5 5. c4 d4 6. e3 c5
7. exd4 exd4 8. Re1+ Ne7 9. d3 O-O 10. Bf4 Nbc6 11. Nfd2 Be6
12. Ne4 b6 13. Na3 a6 14. Nc2 Ra7 15. Rb1 a5 16. Na3 Rd7
17. Nb5 h6 18. a3 g5 19. Bd6 Re8 20. Bxe7 Nxe7 21. b4 axb4
22. axb4 cxb4 23. Rxb4 Ng6 24. Ra4 Qe7 25. Ra6 Rb8 26. Nd2 Ne5
27. Nf3 Bg4 28. h3 Bxf3 29. Rxe5 Bxd1 30. Rxe7 Rxe7 31. Nd6
Bc2 32. Be4 Be5 33. Nf5 Re6 34. Kg2 b5 35. Ra2 Bb3 36. Ra7
bxc4 37. dxc4 Bxc4 38. Ne7+ Kf8 39. Nc6 Rc8 40. Na5 Re7
41. Nc6 Rxa7 42. Nxa7 Rc7 43. Nc6 Bf6 44. Nb4 Re7 45. Kf3 Kg7
46. g4 Bf1 47. Nd5 Ra7 48. Bf5 Ra3+ 49. Ke4 Bg2+ 50. f3 Bxf3#
0-1

[Event "World Blitz Championship (Women)"]
[Site "Doha QAT"]
[Date "2016.12.30"]
[EventDate "2016.12.29"]
[Round "17.1"]
[Result "0-1"]
[White "Antoaneta Stefanova"]
[Black "Anna Muzychuk"]
[WhiteElo "2512"]
[BlackElo "2558"]
[PlyCount "90"]

1. Nf3 c5 2. b3 Nc6 3. Bb2 e6 4. e3 a6 5. d4 Nf6 6. Bd3 d5
7. O-O Bd6 8. a3 Qc7 9. c4 cxd4 10. exd4 dxc4 11. bxc4 O-O
12. Qe2 Ne7 13. d5 Ng6 14. Bxf6 gxf6 15. g3 Bd7 16. Nc3 f5
17. Ng5 h6 18. dxe6 hxg5 19. exd7 Qxd7 20. Nd5 Be5 21. Rad1
Qe6 22. Qh5 Bf6 23. Rfe1 Ne5 24. Nc7 Qc6 25. Bxf5 Rfd8 26. Nd5
Kf8 27. Qh6+ Bg7 28. Qxc6 bxc6 29. Nb6 Nf3+ 30. Kf1 Nxe1
31. Rxe1 Ra7 32. c5 Bd4 33. Rc1 Re7 34. Rc4 Ke8 35. Bg4 Re5
36. Na4 Ba1 37. Nb6 Rd4 38. Bd7+ Rxd7 39. Nxd7 Kxd7 40. h4
gxh4 41. gxh4 Rd5 42. Kg2 Rd4 43. Rb4 Rxb4 44. axb4 Ke6
45. Kf3 Ke5 0-1

[Event "Tradewise Gibraltar"]
[Site "Catalan Bay GIB"]
[Date "2017.01.24"]
[EventDate "2017.01.24"]
[Round "1.58"]
[Result "0-1"]
[White "Kim Yew Chan"]
[Black "Antoaneta Stefanova"]
[WhiteElo "2152"]
[BlackElo "2512"]
[PlyCount "74"]

1. d4 g6 2. Nf3 Bg7 3. c4 d6 4. g3 Nd7 5. Bg2 e5 6. Nc3 Ne7
7. O-O O-O 8. e4 exd4 9. Nxd4 Nc6 10. Nde2 a5 11. Rb1 Re8
12. Be3 Nde5 13. b3 f5 14. Qd2 fxe4 15. Bg5 Qd7 16. Nxe4 Qf7
17. f3 a4 18. N2c3 axb3 19. axb3 Bf5 20. Nd5 Kh8 21. Bf6 Bxf6
22. Ndxf6 Re6 23. Nd5 Bxe4 24. fxe4 Qg7 25. Kh1 Ree8 26. Qg5
Rf8 27. h3 Nd4 28. Qe3 c5 29. Rfd1 Ra2 30. Rd2 Ra3 31. Rxd4
cxd4 32. Qxd4 Nc6 33. Qxg7+ Kxg7 34. Nf4 Rfa8 35. Rd1 Ra1
36. Rxa1 Rxa1+ 37. Kh2 Kf6 0-1

[Event "Tradewise Gibraltar"]
[Site "Catalan Bay GIB"]
[Date "2017.01.25"]
[EventDate "2017.01.24"]
[Round "2.49"]
[Result "1-0"]
[White "Antoaneta Stefanova"]
[Black "Bodda Pratyusha"]
[WhiteElo "2512"]
[BlackElo "2247"]
[PlyCount "45"]

1. d4 d5 2. c4 c6 3. Nf3 Nf6 4. e3 e6 5. Nbd2 Nbd7 6. b3 Bd6
7. Bb2 b6 8. Bd3 Bb7 9. Qe2 Qe7 10. O-O e5 11. e4 dxe4
12. Nxe4 Nxe4 13. Bxe4 Kd8 14. dxe5 Nxe5 15. Rad1 Kc7 16. Rxd6
Nxf3+ 17. Qxf3 Qxd6 18. Rd1 Qxd1+ 19. Qxd1 Rae8 20. Qf3 Kb8
21. Bxg7 Rhg8 22. Qxf7 Rd8 23. h4 1-0

[Event "Women's World Championship"]
[Site "Tehran IRI"]
[Date "2017.02.16"]
[EventDate "2017.02.11"]
[Round "2.3"]
[Result "1/2-1/2"]
[White "Salome Melia"]
[Black "Antoaneta Stefanova"]
[WhiteElo "2394"]
[BlackElo "2512"]
[PlyCount "83"]

1. e4 e5 2. Nf3 Nc6 3. Bc4 Bc5 4. O-O Nf6 5. d3 d6 6. c3 h6
7. h3 O-O 8. Re1 a5 9. d4 Ba7 10. Bb3 Re8 11. Bc2 b5 12. Be3
exd4 13. cxd4 Nb4 14. Nbd2 Nxc2 15. Qxc2 Bb7 16. d5 Bb6
17. Bxb6 cxb6 18. Nd4 b4 19. Nf5 Bc8 20. Nd4 Nh5 21. Nf1 Qf6
22. Qd2 Nf4 23. Ng3 h5 24. Nde2 Nxe2+ 25. Rxe2 h4 26. Nf1 Qg6
27. Re3 Ba6 28. Qd4 Rac8 29. Qxb6 Bxf1 30. Rxf1 Rc2 31. Qxa5
Rxb2 32. Rfe1 Rc8 33. Rf3 Qg5 34. Qa7 f6 35. Qd7 Rc1 36. Rxc1
Qxc1+ 37. Kh2 Rb1 38. Qe8+ Kh7 39. Qh5+ Kg8 40. Qe8+ Kh7
41. Qh5+ Kg8 42. Qe8+ 1/2-1/2

[Event "Women's World Championship"]
[Site "Tehran IRI"]
[Date "2017.02.16"]
[EventDate "2017.02.11"]
[Round "2.4"]
[Result "1-0"]
[White "Antoaneta Stefanova"]
[Black "Salome Melia"]
[WhiteElo "2512"]
[BlackElo "2394"]
[PlyCount "81"]

1. Nf3 d5 2. g3 Nf6 3. Bg2 b5 4. b3 e6 5. c4 a6 6. cxd5 exd5
7. d4 Bd6 8. O-O O-O 9. Bb2 a5 10. Nc3 c6 11. a3 Nbd7 12. Re1
Re8 13. e3 Bb7 14. Nd2 Nb6 15. Ne2 a4 16. b4 Bc8 17. Qc2 Bd7
18. Nc3 Bf8 19. f3 Be6 20. Ne2 Rc8 21. Nf4 Bd7 22. e4 dxe4
23. fxe4 g6 24. Rf1 Bg7 25. Rae1 Rc7 26. Qc1 Be6 27. Nxe6 Rxe6
28. Re2 Ng4 29. Qa1 Bh6 30. Bh3 Ne3 31. Bxe6 Nxf1 32. Qxf1
fxe6 33. Qh3 Bg7 34. Qxe6+ Kh8 35. Nf3 Nc4 36. Bc1 Bxd4+
37. Nxd4 Qxd4+ 38. Rf2 Rg7 39. Bg5 Qd6 40. Qxd6 Nxd6 41. Rf8+
1-0

[Event "Women's World Championship"]
[Site "Tehran IRI"]
[Date "2017.02.17"]
[EventDate "2017.02.11"]
[Round "3.1"]
[Result "1-0"]
[White "Antoaneta Stefanova"]
[Black "Nino Khurtsidze"]
[WhiteElo "2512"]
[BlackElo "2383"]
[PlyCount "229"]

1. Nf3 c5 2. g3 g6 3. c3 b6 4. e4 Bb7 5. Qe2 Bg7 6. Bg2 Nc6
7. Na3 e6 8. d4 cxd4 9. cxd4 d5 10. exd5 Qxd5 11. Nb5 Rc8
12. Nh4 Qd8 13. Bf4 Nxd4 14. Nxd4 Bxg2 15. Nxe6 fxe6 16. Nxg2
Qd5 17. O-O Ne7 18. Rfd1 Qc4 19. Qd2 Kf7 20. Ne3 Qb5 21. Qd7
Qxd7 22. Rxd7 Bxb2 23. Rb1 Bf6 24. Ng4 Rhd8 25. Rxa7 Ra8
26. Rb7 Rxa2 27. R1xb6 Rda8 28. h4 Bd4 29. Rb4 Bc5 30. Rc4
R2a7 31. Rxa7 Bxa7 32. Rc7 Bb8 33. Ne5+ Ke8 34. Rxe7+ Kxe7
35. Nc6+ Kf6 36. Nxb8 h5 37. Kg2 Kf5 38. Nc6 Ra6 39. Ne5 Ra5
40. Nc4 Ra4 41. Ne5 Ra6 42. Nf3 Ra4 43. Be5 Ke4 44. Bg7 Ra7
45. Bf6 Ra6 46. Bb2 Ra2 47. Bc1 Ra1 48. Be3 Ra4 49. Ng5+ Kf5
50. Kf3 Rc4 51. Nf7 Rc6 52. Bd4 e5 53. Bxe5 Ra6 54. Bd4 Ra3+
55. Be3 Ke6 56. Ng5+ Kf5 57. Ne4 Ra4 58. Nc3 Rc4 59. Nb5 Ra4
60. Nd4+ Ke5 61. g4 hxg4+ 62. Kxg4 Kf6 63. Kf4 Kf7 64. Ke4 Ra1
65. Nf3 Rh1 66. Kf4 Rb1 67. Bd4 Rh1 68. Kg5 Rd1 69. Kh6 Rh1
70. Ne5+ Kf6 71. Nxg6+ Kf5 72. Be3 Kg4 73. Kg7 Rh2 74. Kf6 Kh5
75. f4 Ra2 76. f5 Kg4 77. Ne5+ Kxh4 78. Ke6 Ra6+ 79. Ke7 Ra3
80. Bf4 Ra7+ 81. Ke6 Ra6+ 82. Kf7 Kh5 83. f6 Ra4 84. Ng6 Ra7+
85. Ne7 Ra6 86. Kg7 Rxf6 87. Kxf6 Kg4 88. Ke5 Kf3 89. Nd5 Kg2
90. Ke4 Kf2 91. Nc3 Kg2 92. Ke3 Kg1 93. Kf3 Kh1 94. Ne4 Kg1
95. Nf2 Kf1 96. Ne4 Kg1 97. Be5 Kh1 98. Bd6 Kg1 99. Nf2 Kf1
100. Bh2 Ke1 101. Bf4 Kf1 102. Bh2 Ke1 103. Ne4 Kf1 104. Nd2+
Ke1 105. Ke3 Kd1 106. Kd3 Ke1 107. Bg3+ Kd1 108. Bh4 Kc1
109. Nc4 Kd1 110. Nb2+ Kc1 111. Kc3 Kb1 112. Bg5 Ka2 113. Nc4
Kb1 114. Kb3 Ka1 115. Bf4 1-0

[Event "Frauenbundesliga 2016-17"]
[Site "Germany GER"]
[Date "2017.03.05"]
[EventDate "2016.10.22"]
[Round "6.2"]
[Result "1-0"]
[White "Antoaneta Stefanova"]
[Black "Judith Fuchs"]
[WhiteElo "2512"]
[BlackElo "2278"]
[PlyCount "132"]

1. Nf3 Nf6 2. b3 g6 3. Bb2 Bg7 4. d4 c5 5. d5 O-O 6. g3 b5
7. Bg2 Bb7 8. Nh4 Qa5+ 9. Bc3 Qb6 10. O-O e6 11. d6 Bxg2
12. Nxg2 b4 13. Be5 Ne4 14. Bxg7 Kxg7 15. Qd3 Nxd6 16. Rd1 Nb5
17. a4 Nc7 18. a5 Qc6 19. c3 bxc3 20. Nxc3 d5 21. Rac1 Nba6
22. Na4 c4 23. Qc3+ f6 24. Qa1 Rab8 25. bxc4 Rb4 26. Nb2 Qb7
27. Nd3 Rxc4 28. Rxc4 dxc4 29. Ndf4 Qc6 30. Ne3 Nb4 31. Qc3
Nbd5 32. Qxc4 Qxc4 33. Nxc4 Nxf4 34. gxf4 Nd5 35. e3 Rc8
36. Nd6 Rc6 37. Nb7 Ra6 38. Rc1 h6 39. Kg2 g5 40. fxg5 hxg5
41. e4 Nf4+ 42. Kf3 Nd3 43. Rc7+ Kg6 44. Ke3 Ne5 45. Kd4 Nf3+
46. Kc5 e5 47. Kb4 Nd2 48. Nc5 Rd6 49. a6 Rd4+ 50. Kb5 Nxe4
51. Rxa7 Nc3+ 52. Kc6 Na4 53. Ne6 Rd2 54. Rg7+ Kf5 55. a7 Rc2+
56. Kb5 Ra2 57. Nc7 Nc3+ 58. Kb6 Na4+ 59. Kc6 Rc2+ 60. Kb5
Rb2+ 61. Kc6 Rc2+ 62. Kd6 Nb6 63. Nd5 Rd2 64. Kc6 Na8 65. Rg8
Rc2+ 66. Kd6 Ke4 1-0

[Event "HD Bank Cup"]
[Site "Ho Chi Minh City VIE"]
[Date "2017.03.12"]
[EventDate "2017.03.12"]
[Round "1.18"]
[Result "1/2-1/2"]
[White "Qi b Chen"]
[Black "Antoaneta Stefanova"]
[WhiteElo "2328"]
[BlackElo "2533"]
[PlyCount "170"]

1. e4 e5 2. Nf3 Nc6 3. Bb5 a6 4. Ba4 Nf6 5. O-O Be7 6. Re1 b5
7. Bb3 d6 8. c3 O-O 9. h3 Nb8 10. d4 Nbd7 11. Nbd2 Bb7 12. Bc2
Re8 13. Nf1 Bf8 14. Ng3 g6 15. Bg5 h6 16. Bd2 Bg7 17. a4 Nb6
18. Qc1 Kh7 19. axb5 axb5 20. Rxa8 Qxa8 21. dxe5 dxe5 22. b3
Nc8 23. Be3 Nd6 24. Nd2 Nd7 25. Rd1 Nf8 26. Bd3 Ne6 27. Qc2 c5
28. Bf1 Kg8 29. f3 Qa6 30. Nb1 h5 31. Rd2 Ra8 32. Nh1 Bf8
33. Nf2 c4 34. Kh2 cxb3 35. Qxb3 Nc4 36. Bxc4 bxc4 37. Qd1 Qb5
38. Qc1 Nc5 39. Rb2 Nb3 40. Qc2 Bc8 41. Qe2 Be6 42. g4 hxg4
43. Nxg4 Bg7 44. Bg5 f5 45. exf5 gxf5 46. Nf6+ Kf7 47. Nh5 Bh8
48. f4 Qd5 49. Ng3 Kg8 50. Qh5 Bf7 51. Qh4 Bg6 52. Bf6 Bxf6
53. Qxf6 Qf7 54. Qxe5 Re8 55. Qd6 Kh7 56. Rg2 Re3 57. Qd8 Qe7
58. Qxe7+ Rxe7 59. Na3 Na5 60. Re2 Rd7 61. Re5 Rd2+ 62. Re2
Rd3 63. Nb5 Rf3 64. Re7+ Kh6 65. Ne2 Nc6 66. Re6 Nd8 67. Nbd4
Nxe6 68. Nxf3 Bh5 69. Nfd4 Nc5 70. Nxf5+ Kg6 71. Neg3 Na4
72. Ne3 Nxc3 73. Nxc4 Bd1 74. Ne3 Bf3 75. h4 Nb5 76. Nc4 Bd1
77. Ne5+ Kf6 78. Kg2 Nc7 79. Nd3 Nd5 80. Ne4+ Kf5 81. Nd6+ Kg4
82. Nf2+ Kxh4 83. Nf5+ Kh5 84. Ng3+ Kh6 85. Nxd1 Nxf4+ 1/2-1/2

[Event "HD Bank Cup"]
[Site "Ho Chi Minh City VIE"]
[Date "2017.03.13"]
[EventDate "2017.03.12"]
[Round "3.16"]
[Result "1/2-1/2"]
[White "Antoaneta Stefanova"]
[Black "Lin Yi"]
[WhiteElo "2533"]
[BlackElo "2403"]
[PlyCount "42"]

1. d4 Nf6 2. Nf3 g6 3. Nbd2 d5 4. e3 Bg7 5. b4 O-O 6. Bb2 Bf5
7. c4 c6 8. a4 Nbd7 9. Qb3 dxc4 10. Bxc4 Nb6 11. Be2 Nbd5
12. Nc4 Ne4 13. Bd3 Nd6 14. Ba3 Bxd3 15. Qxd3 Nxc4 16. Qxc4
Nb6 17. Qc2 Qd5 18. O-O Qc4 19. Qd1 Rfd8 20. Nd2 Qd3 21. a5
Nc4 1/2-1/2

[Event "HD Bank Cup"]
[Site "Ho Chi Minh City VIE"]
[Date "2017.03.14"]
[EventDate "2017.03.12"]
[Round "4.16"]
[Result "1-0"]
[White "Pham Chuong"]
[Black "Antoaneta Stefanova"]
[WhiteElo "2377"]
[BlackElo "2533"]
[PlyCount "77"]

1. d4 g6 2. e4 Bg7 3. Nf3 d6 4. h3 Nf6 5. Bd3 O-O 6. O-O Nc6
7. Re1 e5 8. c3 h6 9. Be3 Re8 10. Nbd2 Nh5 11. Nf1 Qf6
12. N1h2 Nf4 13. Bb5 g5 14. Bxc6 bxc6 15. Qa4 Bb7 16. dxe5
dxe5 17. Rad1 h5 18. Bxf4 Qxf4 19. Rd7 Bc8 20. Rxc7 Be6
21. Rxa7 Rac8 22. Qc2 Bh6 23. g3 Qf6 24. Kg2 Red8 25. Qe2 Rd6
26. g4 hxg4 27. Nxg4 Bxg4 28. hxg4 Qf4 29. Nh2 Rd2 30. Qe3
Rxb2 31. Qxf4 exf4 32. Nf3 Rc2 33. Rd1 Rxc3 34. Rdd7 f6 35. e5
fxe5 36. Nxe5 Re8 37. Ng6 Rc2 38. Rh7 Rxa2 39. Rh8# 1-0

[Event "HD Bank Cup"]
[Site "Ho Chi Minh City VIE"]
[Date "2017.03.15"]
[EventDate "2017.03.12"]
[Round "6.16"]
[Result "0-1"]
[White "Hoang Thong Tu"]
[Black "Antoaneta Stefanova"]
[WhiteElo "2392"]
[BlackElo "2533"]
[PlyCount "78"]

1. b3 Nf6 2. Bb2 g6 3. Bxf6 exf6 4. g3 d5 5. d4 c6 6. Bg2 f5
7. e3 Nd7 8. Ne2 Nf6 9. O-O h5 10. c4 Be6 11. Qd3 h4 12. Nbc3
a6 13. Rab1 Be7 14. cxd5 Nxd5 15. Nxd5 Bxd5 16. Bxd5 Qxd5
17. Nf4 Qd6 18. Qc4 g5 19. Nd3 Qh6 20. Rb2 Rd8 21. Ne5 Qh7
22. Re1 Rd6 23. Kf1 Rh6 24. Ke2 hxg3 25. hxg3 Rh2 26. Rf1 O-O
27. Kd1 Rd8 28. Rd2 Rd5 29. f4 Rxd2+ 30. Kxd2 Qh2+ 31. Qe2
Qxg3 32. Rf3 Qh4 33. fxg5 Bxg5 34. Kc3 c5 35. Rxf5 cxd4+
36. Kb2 dxe3 37. Qc4 Qh2+ 38. Ka3 Be7+ 39. b4 Ra5+ 0-1

[Event "HD Bank Cup"]
[Site "Ho Chi Minh City VIE"]
[Date "2017.03.16"]
[EventDate "2017.03.12"]
[Round "7.13"]
[Result "1-0"]
[White "Antoaneta Stefanova"]
[Black "Minh Thang Tran"]
[WhiteElo "2533"]
[BlackElo "2406"]
[PlyCount "71"]

1. d4 Nf6 2. Nf3 g6 3. g3 Bg7 4. Bg2 O-O 5. O-O d5 6. Nbd2 c5
7. dxc5 Qc7 8. Nb3 e5 9. Ne1 Rd8 10. f4 Nc6 11. c3 Bf5
12. fxe5 Qxe5 13. Nf3 Qe7 14. Nfd4 Nxd4 15. Nxd4 Be4 16. Bg5
h6 17. Bf4 Qxc5 18. Bxh6 Bxh6 19. Rxf6 Kg7 20. Rf1 Be3+
21. Kh1 Re8 22. Bxe4 Rxe4 23. Qb3 Rh8 24. Rf3 Re7 25. Nc2 Qc8
26. Nxe3 Qh3 27. Rf2 Rxe3 28. Qxd5 Re7 29. Qd4+ Kf8 30. Raf1
Rh7 31. Qd6 Qg4 32. Kg1 f5 33. e4 Rf7 34. exf5 gxf5 35. Re1
Qg5 36. Rfe2 1-0

[Event "HD Bank Cup"]
[Site "Ho Chi Minh City VIE"]
[Date "2017.03.16"]
[EventDate "2017.03.12"]
[Round "8.4"]
[Result "1-0"]
[White "Stanislav Bogdanovich"]
[Black "Antoaneta Stefanova"]
[WhiteElo "2602"]
[BlackElo "2533"]
[PlyCount "83"]

1. e4 e5 2. Nf3 Nc6 3. Bb5 a6 4. Ba4 Nf6 5. O-O Be7 6. Re1 b5
7. Bb3 d6 8. c3 O-O 9. h3 Nb8 10. d4 Nbd7 11. Nbd2 Bb7 12. Bc2
Re8 13. Nf1 Bf8 14. Ng3 g6 15. a4 Nb6 16. b3 bxa4 17. bxa4 a5
18. Bg5 h6 19. Bd2 Ba6 20. Qc1 Kh7 21. h4 Nc4 22. Bb3 Ng4
23. h5 Qf6 24. Qc2 Nxd2 25. Qxd2 Bc8 26. Bd5 Rb8 27. Rab1 Bd7
28. Qa2 Be6 29. hxg6+ Kxg6 30. Qc4 h5 31. Rb5 c6 32. Rxb8 Rxb8
33. Bxe6 fxe6 34. Qxc6 h4 35. Nf1 h3 36. dxe5 dxe5 37. N1h2
Nxh2 38. Nxh2 hxg2 39. Re3 Bh6 40. Rg3+ Kh5 41. Qd7 Rf8
42. Qd1+ 1-0

[Event "HD Bank Cup"]
[Site "Ho Chi Minh City VIE"]
[Date "2017.03.17"]
[EventDate "2017.03.12"]
[Round "9.11"]
[Result "1/2-1/2"]
[White "Antoaneta Stefanova"]
[Black "Thien Hai Dao"]
[WhiteElo "2533"]
[BlackElo "2478"]
[PlyCount "227"]

1. Nf3 d5 2. g3 Bg4 3. Bg2 c6 4. O-O Nd7 5. d3 e6 6. h3 Bh5
7. e4 dxe4 8. dxe4 Ngf6 9. Nbd2 Bc5 10. g4 Bg6 11. e5 Nd5
12. Nb3 Bb6 13. Qe2 Qc7 14. a3 a5 15. c4 Ne7 16. a4 h5 17. Bf4
hxg4 18. hxg4 Nc5 19. Nxc5 Bxc5 20. Rfd1 Rd8 21. Be3 Bb4
22. Rxd8+ Kxd8 23. Ng5 Kc8 24. f4 Kb8 25. Qf2 Qd7 26. Ba7+ Ka8
27. Bc5 f6 28. Bxb4 axb4 29. Nf3 Be4 30. a5 Qc7 31. Qb6 Kb8
32. Nd4 Bxg2 33. Qxc7+ Kxc7 34. Nxe6+ Kd7 35. Nc5+ Kc8
36. Kxg2 Ng6 37. exf6 gxf6 38. Kg3 Re8 39. f5 Ne5 40. Re1 Rg8
41. Re4 Kc7 42. Ne6+ Kd6 43. c5+ Kd7 44. Rxb4 Kc8 45. Re4 Nf7
46. Rd4 Rh8 47. Kg2 Kb8 48. Rd7 Ne5 49. Rg7 Ka7 50. g5 fxg5
51. Rxg5 Rh6 52. Nd4 Nd3 53. Ne6 Ka6 54. Rg3 Nxb2 55. Kf3 Kxa5
56. Kf4 Nc4 57. Kg5 Rh8 58. f6 Rg8+ 59. Ng7 Ne5 60. Kf5 Nd7
61. f7 Rf8 62. Ke6 Ne5 63. Kxe5 Rxf7 64. Nf5 b6 65. Nd6 Re7+
66. Kd4 bxc5+ 67. Kc4 Re1 68. Kxc5 Re5+ 69. Kc4 Kb6 70. Rg7 c5
71. Rg6 Kc7 72. Nb5+ Kd7 73. Nc3 Ke7 74. Nd5+ Kf7 75. Ra6 Re1
76. Kxc5 Rc1+ 77. Kd4 Rd1+ 78. Ke5 Re1+ 79. Kf5 Rf1+ 80. Nf4
Ke7 81. Re6+ Kd7 82. Re4 Kd6 83. Re2 Rf3 84. Rd2+ Kc6 85. Ke4
Rf1 86. Nd3 Rh1 87. Ne5+ Kc7 88. Kd5 Rh5 89. Rc2+ Kb6 90. Rc1
Rg5 91. Rc6+ Kb7 92. Re6 Rh5 93. Kc5 Rg5 94. Re7+ Ka6 95. Re8
Rh5 96. Re7 Rf5 97. Kd4 Rh5 98. Rc7 Kb6 99. Rc6+ Kb7 100. Rc5
Rh4+ 101. Kd5 Rh5 102. Rc1 Rg5 103. Kd6 Rh5 104. Rb1+ Ka6
105. Rb8 Rh6+ 106. Kc5 Rh5 107. Kd5 Ka7 108. Rb2 Ka6 109. Rb1
Ka7 110. Kd6 Ka6 111. Rb2 Rh6+ 112. Kc5 Rh5 113. Kd5 Ka7
114. Kd6 1/2-1/2

[Event "European Individual Championship (Women)"]
[Site "Riga"]
[Date "2017.04.20"]
[EventDate "?"]
[Round "9.22"]
[Result "1-0"]
[White "Antoaneta Stefanova"]
[Black "Elizaveta Malakhova"]
[WhiteElo "2527"]
[BlackElo "2324"]
[PlyCount "97"]

1. d4 e6 2. Nf3 f5 3. g3 Nf6 4. Bg2 Be7 5. c4 O-O 6. O-O d6
7. Nc3 Qe8 8. Re1 Qh5 9. e4 fxe4 10. Nxe4 Nxe4 11. Rxe4 Nc6
12. Bf4 Qg6 13. Qe2 Bf6 14. d5 exd5 15. cxd5 Bf5 16. dxc6 Bxe4
17. Nh4 Bxh4 18. Bxe4 Qf6 19. cxb7 Rae8 20. Qc4+ Kh8 21. Be3
Bg5 22. Bxa7 c5 23. f4 Bh6 24. Rd1 Bxf4 25. gxf4 Qxf4 26. Qd3
Rxe4 27. b8=Q Rxb8 28. Bxb8 Rd4 29. Rf1 Qg5+ 30. Qg3 Qe7
31. Re1 Qd7 32. Qf3 h6 33. Rd1 Qa4 34. b3 Qxa2 35. Bxd6 Qc2
36. Rxd4 cxd4 37. Be5 Qc1+ 38. Kf2 Qc2+ 39. Kg3 Qg6+ 40. Qg4
Qf7 41. Qc8+ Kh7 42. Qc2+ Kh8 43. Bxd4 Qd5 44. Be3 g5 45. Qc3+
Kh7 46. Bd4 Qf5 47. Qf3 Qe6 48. Qd3+ Kg8 49. Qc4 1-0

[Event "European Individual Championship (Women)"]
[Site "Riga LAT"]
[Date "2017.04.22"]
[EventDate "?"]
[Round "11.14"]
[Result "1/2-1/2"]
[White "Antoaneta Stefanova"]
[Black "Olga Badelka"]
[WhiteElo "2527"]
[BlackElo "2362"]
[PlyCount "111"]

1. d4 d5 2. Nf3 Nf6 3. e3 e6 4. Bd3 c5 5. b3 Nc6 6. Bb2 Bd6
7. dxc5 Bxc5 8. a3 O-O 9. Nbd2 Qe7 10. b4 Bd6 11. c4 a5 12. b5
Nb8 13. Qc2 Nbd7 14. O-O h6 15. cxd5 exd5 16. Nd4 Nc5 17. Nf5
Bxf5 18. Bxf5 Be5 19. Bxe5 Qxe5 20. Nf3 Qe7 21. Rac1 Nce4
22. Qb2 Nd6 23. Bd3 Rac8 24. Nd4 Nfe4 25. Qa2 Nc4 26. Bxe4
Qxe4 27. Rcd1 Rfd8 28. Nf3 a4 29. Rfe1 Rd6 30. Nd4 Rg6 31. f3
Qe5 32. Qc2 Rc7 33. f4 Qe8 34. Qxa4 Nb2 35. Qb3 Nxd1 36. Rxd1
Qe4 37. g3 h5 38. Qd3 Rc1 39. Kf2 Rxd1 40. Qxd1 h4 41. g4 Rd6
42. Nf5 Rd8 43. Qa1 d4 44. Nxd4 g5 45. fxg5 Qxg4 46. Qh1 Ra8
47. Qxb7 Rxa3 48. Qf3 Ra2+ 49. Ne2 Qxg5 50. b6 Rb2 51. b7 Kg7
52. Qe4 Qf6+ 53. Ke1 Kf8 54. h3 Qa6 55. b8=Q+ Rxb8 56. Qxh4
1/2-1/2

[Event "Chinese Chess League"]
[Site "China CHN"]
[Date "2017.05.23"]
[EventDate "2017.04.18"]
[Round "5.6"]
[Result "0-1"]
[White "Xing Hong"]
[Black "Antoaneta Stefanova"]
[WhiteElo "1990"]
[BlackElo "2510"]
[PlyCount "128"]

1. c4 g6 2. Nc3 Bg7 3. Nf3 d6 4. e3 e5 5. Be2 f5 6. d3 Nf6
7. Qc2 Nc6 8. a3 a5 9. Bd2 O-O 10. h4 h6 11. O-O-O Be6 12. d4
Bf7 13. h5 Nxh5 14. d5 Ne7 15. g4 fxg4 16. Nh2 g3 17. Bxh5
gxh2 18. Be2 c6 19. e4 cxd5 20. cxd5 g5 21. Rxh2 Ng6 22. Kb1
Be8 23. Qb3 Nf4 24. Be3 Nxe2 25. Nxe2 b5 26. Ng3 Rc8 27. Ka1
Qd7 28. Nf5 Rxf5 29. exf5 Qxf5 30. Rhh1 Rc4 31. Rc1 a4 32. Qd1
Qe4 33. Qd2 Bg6 34. Rhd1 Kh7 35. Rxc4 Qxc4 36. Qc1 Bd3
37. Qxc4 Bxc4 38. Kb1 Kg6 39. Kc1 Bf6 40. Kd2 Kf5 41. Ra1 Bg7
42. Kc3 Bxd5 43. Rd1 Ke6 44. Kb4 Bc4 45. Rd2 d5 46. Bc5 g4
47. Rd1 Kf5 48. Be7 e4 49. Rb1 h5 50. Kc5 Be5 51. Bh4 d4
52. Bg3 Be6 53. Rh1 Kg6 54. Re1 d3 55. Rb1 h4 56. Bf4 Kf5
57. Be3 h3 58. b4 Bc3 59. Rd1 Bb3 60. Rg1 d2 61. Bxd2 Bxd2
62. Kd4 Bf4 63. Re1 e3 64. fxe3 Be5+ 0-1

[Event "Chinese Chess League"]
[Site "China CHN"]
[Date "2017.05.24"]
[EventDate "2017.04.18"]
[Round "6.2"]
[Result "1/2-1/2"]
[White "Antoaneta Stefanova"]
[Black "Huang Qian"]
[WhiteElo "2510"]
[BlackElo "2444"]
[PlyCount "80"]

1. d4 d5 2. c4 c6 3. Nf3 Nf6 4. Nbd2 Bf5 5. Nh4 Bg6 6. Qb3 Qc7
7. Nxg6 hxg6 8. g3 e6 9. Bg2 Nbd7 10. O-O Be7 11. e4 dxe4
12. Nxe4 Nxe4 13. Bxe4 O-O 14. Bf3 e5 15. Be3 exd4 16. Bxd4
Bf6 17. Be3 Ne5 18. Bg2 Rfd8 19. Rad1 Rxd1 20. Rxd1 Ng4
21. Bc5 Be7 22. Bd4 Bf6 23. h3 Bxd4 24. Rxd4 Nf6 25. c5 Re8
26. Rd1 Re7 27. Qa3 a6 28. b4 Qe5 29. Qb3 Qe2 30. Bf1 Qe5
31. Bc4 Qf5 32. Bxf7+ Kh7 33. Bc4 Qxh3 34. Bf1 Qh5 35. Bg2 Ng4
36. Qf3 Qh2+ 37. Kf1 Qh5 38. Kg1 Qh2+ 39. Kf1 Qh5 40. Kg1 Qh2+
1/2-1/2

[Event "Chinese Chess League"]
[Site "China CHN"]
[Date "2017.05.25"]
[EventDate "2017.04.18"]
[Round "7.5"]
[Result "1/2-1/2"]
[White "Tan Zhongyi"]
[Black "Antoaneta Stefanova"]
[WhiteElo "2515"]
[BlackElo "2510"]
[PlyCount "81"]

1. d4 d5 2. c4 c6 3. Nf3 Nf6 4. Nc3 a6 5. c5 Bf5 6. Qb3 Ra7
7. Nh4 Bc8 8. Bf4 Nbd7 9. Nf3 Nh5 10. Bd2 e5 11. Nxe5 Nxe5
12. dxe5 Bxc5 13. e4 Qe7 14. Be2 Qxe5 15. exd5 Nf4 16. Bxf4
Qxf4 17. O-O O-O 18. Rad1 Bd4 19. Bd3 Bg4 20. Rde1 Qd2 21. Ne2
Bf6 22. h3 Bc8 23. Qa3 Rd8 24. Ng3 Qxb2 25. Qd6 g6 26. Qb8 Qd4
27. Re4 Qxd3 28. Rfe1 Be6 29. Qxa7 Bxd5 30. Re8+ Rxe8
31. Rxe8+ Kg7 32. Qb8 Qd1+ 33. Kh2 Qd4 34. Qd6 Kh6 35. Re2 b5
36. Qf8+ Bg7 37. Qa3 Be5 38. Qe7 Bf6 39. Qf8+ Bg7 40. Qd6 Bf6
41. Qf8+ 1/2-1/2